000 00500nam a22001697a 4500
008 250520b |||||||| |||| 00| 0 eng d
020 _a9781119585916
050 _aT58.5
_b.R35
100 _aRainer R. Kelly Jr
245 _aIntrodution To Information Systems
_bSupporting and Transforming Business.
250 _a7th
260 _aGlasgow
_bWILEY
_c2018
300 _aix, 461p. 27.5cm:
_billustration
650 _aInformation Technology
_vComputer Networks
700 _aPrince Brad
942 _cBK
999 _c3572
_d3572